Consistencia de la política comercial y la política fiscal (Registro nro. 25560)
[ vista simple ]
| 000 -LEADER | |
|---|---|
| fixed length control field | 00353 a2200109 4500 |
| 001 - CONTROL NUMBER | |
| control field | ART_11423 |
| 005 - DATE AND TIME OF LATEST TRANSACTION | |
| control field | 20260410161857.0 |
| 008 - FIXED-LENGTH DATA ELEMENTS--GENERAL INFORMATION | |
| fixed length control field | 260409a |
| 100 1# - MAIN ENTRY--PERSONAL NAME | |
| Personal name | Diaz Cafferata, Alberto M. |
| 245 10 - TITLE STATEMENT | |
| Title | Consistencia de la política comercial y la política fiscal |
| 773 0# - HOST ITEM ENTRY | |
| Title | Revista de Economía |
| Related parts | - Nº 64 (jul./sep. 1991) |
| Record control number | REV11077 |
No hay ítems disponibles.